| 000 | 00785cam a2200229 i 4500 | ||
|---|---|---|---|
| 003 | SA-RiAUC | ||
| 005 | 20251225141405.0 | ||
| 008 | 251123s1990 su g 00000 ara c | ||
| 040 |
_aSA-RiKSU _bara _cSA-RiAUC _erda |
||
| 082 | 0 | 4 | _a258 |
| 090 |
_a258 _bم ت و |
||
| 245 | 0 | 0 | _aمتون أصولية مهمة في المذاهب الأربعة. |
| 250 | _aالطبعة الثانية. | ||
| 264 | 1 |
_aالرياض : _bمكتبة الإمام الشافعي، _c[1990] |
|
| 300 |
_a158 صفحة ؛ _c20 سم |
||
| 336 |
_aنص _btxt _2rdacontent _3كتاب |
||
| 337 |
_aبدون وسيط _bn _2rdamedia |
||
| 338 |
_aمجلد _bnc _2rdacarrier |
||
| 650 | 7 |
_aالفقه الإسلامي _xمذاهب _2aucsh |
|
| 942 |
_2ddc _cBOOK _n0 |
||
| 949 |
_aSA-JeALM _d251123 _umohamedma123 _n1 |
||
| 999 |
_c13723 _d13723 |
||